书目信息 |
| 题名: |
图书目录
|
|
| 作者: | ;人民教育出版社 编 | |
| 分册: | ||
| 出版信息: | 北京 人民教育出版社 1980 |
|
| 页数: | 142页 | |
| 开本: | 20cm | |
| 丛书名: | ||
| 单 册: | ||
| 中图分类: | Z852.6 | |
| 科图分类: | ||
| 主题词: | 出版发行目录 | |
| 电子资源: | ||
| ISBN: | ||
| 000 | 00592nam0 2200205 450 | |
| 001 | 0755727435 | |
| 005 | 20070804172522.28 | |
| 100 | @a20070804d1980 km y0chiy0120 ea | |
| 101 | 0 | @achi |
| 102 | @aCN@b110000 | |
| 102 | @aCN@b110000 | |
| 200 | 1 | @a图书目录@Atu shu mu lu@e1977-1979@f人民教育出版社编@Fren min jiao yu chu ban she bian |
| 210 | @a北京@c人民教育出版社@d1980 | |
| 215 | @a142页@d20cm | |
| 517 | 1 | @a1977-1979 |
| 606 | 0 | @a出版发行目录 |
| 690 | @aZ852.6@v3 | |
| 711 | 02 | @a人民教育出版社@Aren min jiao yu chu ban she@4编 |
| 801 | 0 | @aCN@bPFT@c20070804 |
| 905 | @a10447@dZ852.6@e90 | |
| 图书目录:1977-1979/人民教育出版社编.-北京:人民教育出版社,1980 |
| 142页;20cm |
| ISBN : |
| ● |
| 相关链接 |
|
|
|
|
正题名:图书目录
索取号:Z852.6/90
 
预约/预借
| 序号 | 登录号 | 条形码 | 馆藏地/架位号 | 状态 | 备注 |
| 1 | 0791499 | 207914998 | 密集书库/ [索取号:Z852.6/90] | 在馆 | |
| 2 | 0791500 | 207915005 | 第二样本阅览室/ [索取号:Z852.6/90] | 在馆 |